[Event "Asia Cities-ch 20th"]
[Site "Bhubaneswar"]
[Date "2017.08.27"]
[Round "3.4"]
[White "Min, Po Yen"]
[Black "Baivab, Mishra"]
[Result "0-1"]
[WhiteElo "1956"]
[BlackElo "2074"]
[PlyCount "120"]
[EventDate "2017.08.26"]
[EventType "team-swiss"]
[EventRounds "9"]
[EventCountry "IND"]
[SourceTitle "CBM 180 Extra"]
[Source "ChessBase"]
[SourceDate "2017.10.06"]
[SourceVersion "1"]
[SourceVersionDate "2017.10.06"]
[SourceQuality "1"]
[WhiteTeam "Chinese Taipei"]
[BlackTeam "Puri"]
[WhiteTeamCountry "TPE"]
[BlackTeamCountry "IND"]

1. d4 d5 2. c4 e6 3. Nc3 Nf6 4. Nf3 Be7 5. Bg5 Nbd7 6. e3 h6 7. Bh4 0-0 8. Bd3 dxc4 9. Bxc4 a6 10. 0-0 b5 11. Bd3 c5 12. Rc1 c4 13. Bb1 Bb7 14. Qe2 Rc8 15. e4 b4 16. Nd1 Nb6 17. e5 Nfd5 18. Qe4 g6 19. Qg4 Bxh4 20. Nxh4 Qg5 21. Qxg5 hxg5 22. Nf3 Nf4 23. Re1 g4 24. Nd2 Nxg2 25. Re2 Nf4 26. Re3 Rfd8 27. Ne4 Bxe4 28. Bxe4 Rxd4 29. f3 gxf3 30. Bxf3 Rcd8 31. Nf2 Nd3 32. Rc2 Nxf2 33. Rxf2 Rd2 34. Rfe2 Rxe2 35. Rxe2 Rd4 36. Rc2 a5 37. Bc6 Nd5 38. Rf2 Kf8 39. Re2 Nf4 40. Rc2 Nd3 41. Re2 Ke7 42. Kf1 Nf4 43. Rc2 Rd1+ 44. Kf2 Nd3+ 45. Ke2 Re1+ 46. Kd2 Rxe5 47. Rxc4 Nc5 48. a3 bxa3 49. bxa3 g5 50. h4 gxh4 51. Rxh4 f5 52. Rh8 Kd6 53. Bf3 Ne4+ 54. Kd3 Nc5+ 55. Kc4 Re3 56. Bg2 Rxa3 57. Rd8+ Nd7 58. Kb5 Ke7 59. Ra8 Ra2 60. Bc6 Ne5 0-1

[Event "Asia Cities-ch 20th"]
[Site "Bhubaneswar"]
[Date "2017.08.26"]
[Round "1.4"]
[White "Wong, Yinn Long"]
[Black "Min, Po Yen"]
[Result "1-0"]
[WhiteElo "2169"]
[BlackElo "1956"]
[PlyCount "75"]
[EventDate "2017.08.26"]
[EventType "team-swiss"]
[EventRounds "9"]
[EventCountry "IND"]
[SourceTitle "CBM 180 Extra"]
[Source "ChessBase"]
[SourceDate "2017.10.06"]
[SourceVersion "1"]
[SourceVersionDate "2017.10.06"]
[SourceQuality "1"]
[WhiteTeam "Penang"]
[BlackTeam "Chinese Taipei"]
[WhiteTeamCountry "MAS"]
[BlackTeamCountry "TPE"]

1. e4 e6 2. d4 d5 3. Nc3 Bb4 4. e5 Ne7 5. Bd2 c5 6. Nb5 Bxd2+ 7. Qxd2 0-0 8. f4 cxd4 9. Nf3 Nbc6 10. Nbxd4 Qb6 11. 0-0-0 Nxd4 12. Nxd4 Nc6 13. Nf3 Bd7 14. Kb1 Rfc8 15. g4 a5 16. Bd3 Nb4 17. f5 Nxd3 18. Qxd3 Qb5 19. Qxb5 Bxb5 20. Nd4 Bd7 21. Rhf1 Rc4 22. Rf3 Re8 23. f6 gxf6 24. Rxf6 Kg7 25. Rd3 Rf8 26. g5 Rg8 27. b3 Rc7 28. Rdf3 Be8 29. Rh3 Re7 30. Ne2 Bb5 31. Nf4 Rh8 32. Rfh6 Bf1 33. Rf3 Bb5 34. a4 Ba6 35. Nh5+ Kf8 36. g6 Rg8 37. gxh7 Rh8 38. Nf6 1-0

[Event "Wch U16"]
[Site "Khanty-Mansiysk"]
[Date "2016.09.26"]
[Round "5"]
[White "Min, Po Yen"]
[Black "Lintner, Igor"]
[Result "0-1"]
[WhiteElo "1842"]
[BlackElo "2065"]
[PlyCount "86"]
[EventDate "2016.09.22"]
[EventType "swiss"]
[EventRounds "11"]
[EventCountry "RUS"]
[SourceTitle "EXT 2017"]
[Source "ChessBase"]
[SourceDate "2016.10.25"]
[SourceVersion "1"]
[SourceVersionDate "2016.10.25"]
[SourceQuality "1"]

1. d4 e6 2. c4 Bb4+ 3. Bd2 a5 4. g3 Nf6 5. Bg2 d6 6. Nc3 Nc6 7. a3 Bxc3 8. Bxc3 0-0 9. e3 Qe7 10. b4 e5 11. d5 Nd8 12. bxa5 Ne8 13. Ne2 f5 14. 0-0 Nf6 15. Bb4 Nf7 16. Rc1 Ne4 17. Qc2 Nc5 18. Nc3 e4 19. Na4 Nd3 20. Rcd1 Bd7 21. Nb2 Nc5 22. Rb1 Qe8 23. Nd1 Rb8 24. f3 exf3 25. Bxf3 Ng5 26. Bg2 Qe5 27. Bc3 Qe7 28. Bd4 Be8 29. Nc3 Bh5 30. Rbe1 Nce4 31. Nxe4 fxe4 32. Rf4 Bf3 33. h4 Bxg2 34. Kxg2 Nf3 35. Rd1 Rbe8 36. Qb2 g5 37. Bf6 Rxf6 38. Qxf6 gxf4 39. Qxf4 Qg7 40. Rb1 Qc3 41. Rxb7 Qd2+ 42. Kh3 h5 43. g4 Ng1+ 0-1

[Event "Wch U16"]
[Site "Khanty-Mansiysk"]
[Date "2016.09.23"]
[Round "2"]
[White "Mohammad, Fahim"]
[Black "Min, Po Yen"]
[Result "1-0"]
[WhiteElo "2090"]
[BlackElo "1842"]
[PlyCount "55"]
[EventDate "2016.09.22"]
[EventType "swiss"]
[EventRounds "11"]
[EventCountry "RUS"]
[SourceTitle "EXT 2017"]
[Source "ChessBase"]
[SourceDate "2016.10.25"]
[SourceVersion "1"]
[SourceVersionDate "2016.10.25"]
[SourceQuality "1"]

1. Nf3 Nf6 2. c4 e6 3. Nc3 b6 4. Rg1 Bb7 5. e3 d5 6. g4 Ne4 7. cxd5 exd5 8. Qa4+ Bc6 9. Bb5 Bxb5 10. Nxb5 c6 11. Nbd4 Bd6 12. d3 Nc5 13. Qc2 Qf6 14. Bd2 Ne6 15. Nf5 Be5 16. Nxe5 Qxe5 17. Bc3 Qxh2 18. 0-0-0 f6 19. Rg3 Nd7 20. e4 d4 21. Bxd4 Nxd4 22. Nxd4 Rc8 23. Nf5 Kf8 24. Nd6 Rc7 25. Qc4 Ne5 26. Qe6 Qh6+ 27. g5 Qg6 28. gxf6 1-0

[Event "Olympiad-42"]
[Site "Baku"]
[Date "2016.09.12"]
[Round "10.4"]
[White "Min, Po Yen"]
[Black "Bhandari, Kshitiz"]
[Result "1/2-1/2"]
[WhiteElo "1842"]
[BlackElo "2013"]
[PlyCount "95"]
[EventDate "2016.09.02"]
[EventType "team-swiss"]
[EventRounds "11"]
[EventCountry "AZE"]
[SourceTitle "CBM 175"]
[Source "ChessBase"]
[SourceDate "2016.11.10"]
[SourceVersion "1"]
[SourceVersionDate "2016.11.10"]
[SourceQuality "1"]
[WhiteTeam "Chinese Taipei"]
[BlackTeam "Nepal"]
[WhiteTeamCountry "TPE"]
[BlackTeamCountry "NEP"]

1. d4 Nf6 2. c4 g6 3. Nc3 Bg7 4. e4 d6 5. Nf3 0-0 6. Be2 e5 7. 0-0 Nc6 8. d5 Ne7 9. b4 a5 10. bxa5 Rxa5 11. Nd2 Ra8 12. a4 Nd7 13. Ba3 b6 14. Bb4 f5 15. a5 Bh6 16. Nb3 Nc5 17. Bxc5 bxc5 18. Qc2 f4 19. Qd1 Kh8 20. Bg4 Ng8 21. Bxc8 Qxc8 22. f3 Nf6 23. Nd2 g5 24. h3 Rg8 25. Kf2 Bf8 26. Qa4 h5 27. a6 Nd7 28. Qc6 Nb6 29. a7 Rg7 30. Rfb1 Qd8 31. Nb5 Kg8 32. Nxc7 Qxc7 33. Qxc7 Rxc7 34. Rxb6 Rcxa7 35. Rxa7 Rxa7 36. Rb2 Be7 37. Ke2 Kf7 38. Nb1 Kg6 39. Nc3 g4 40. hxg4 hxg4 41. Ra2 gxf3+ 42. gxf3 Rd7 43. Nb5 Rd8 44. Ra6 Kg5 45. Ra7 Kf6 46. Ra6 Kg5 47. Ra7 Kf6 48. Ra6 1/2-1/2

[Event "Olympiad-42"]
[Site "Baku"]
[Date "2016.09.11"]
[Round "9.4"]
[White "Chinchilla Miranda, Eugenio"]
[Black "Min, Po Yen"]
[Result "1-0"]
[WhiteElo "2214"]
[BlackElo "1842"]
[PlyCount "91"]
[EventDate "2016.09.02"]
[EventType "team-swiss"]
[EventRounds "11"]
[EventCountry "AZE"]
[SourceTitle "CBM 175"]
[Source "ChessBase"]
[SourceDate "2016.11.10"]
[SourceVersion "1"]
[SourceVersionDate "2016.11.10"]
[SourceQuality "1"]
[WhiteTeam "Costa Rica"]
[BlackTeam "Chinese Taipei"]
[WhiteTeamCountry "CRI"]
[BlackTeamCountry "TPE"]

1. d4 Nf6 2. c4 e6 3. Nc3 Bb4 4. Qc2 d5 5. cxd5 exd5 6. Bg5 0-0 7. e3 b6 8. Bd3 h6 9. Bh4 Bb7 10. Nf3 Nbd7 11. 0-0 Be7 12. Rac1 Nh5 13. Bxe7 Qxe7 14. Rfe1 c5 15. e4 cxd4 16. Nxd5 Bxd5 17. exd5 Qf6 18. Bh7+ Kh8 19. Bf5 Nc5 20. b4 Na6 21. a3 Nf4 22. Qe4 g5 23. Rc6 Qg7 24. Nxd4 Rad8 25. d6 Nb8 26. g3 Nxc6 27. Nxc6 Rxd6 28. gxf4 gxf4+ 29. Kh1 a6 30. Ne7 Rd4 31. Qf3 Qf6 32. Bd3 a5 33. Nf5 Rd7 34. Bb1 Rg8 35. Qxf4 axb4 36. axb4 Qg5 37. Qe4 f6 38. Nh4 Rdg7 39. h3 Qh5 40. Kh2 b5 41. Rg1 f5 42. Qd4 Kh7 43. Bxf5+ Kh8 44. Ng6+ Kh7 45. Ne7+ Kh8 46. Nxg8 1-0

[Event "Olympiad-42"]
[Site "Baku"]
[Date "2016.09.10"]
[Round "8.4"]
[White "Maung, Maung Kyaw Zaw"]
[Black "Min, Po Yen"]
[Result "1/2-1/2"]
[WhiteElo "2031"]
[BlackElo "1842"]
[PlyCount "164"]
[EventDate "2016.09.02"]
[EventType "team-swiss"]
[EventRounds "11"]
[EventCountry "AZE"]
[SourceTitle "CBM 175"]
[Source "ChessBase"]
[SourceDate "2016.11.10"]
[SourceVersion "1"]
[SourceVersionDate "2016.11.10"]
[SourceQuality "1"]
[WhiteTeam "Myanmar"]
[BlackTeam "Chinese Taipei"]
[WhiteTeamCountry "MYA"]
[BlackTeamCountry "TPE"]

1. Nf3 Nf6 2. c4 e6 3. Nc3 Bb4 4. Qc2 b6 5. e3 Bb7 6. Be2 0-0 7. 0-0 d5 8. a3 Bxc3 9. Qxc3 dxc4 10. Bxc4 Bxf3 11. gxf3 Nd5 12. Qc2 c5 13. Kh1 Nc6 14. Be2 Qd6 15. b3 Rae8 16. Bb2 e5 17. Rg1 Re6 18. Rg2 Rh6 19. f4 f6 20. Rag1 g6 21. Bc4 Kh8 22. fxe5 Nxe5 23. Be2 Nf7 24. f4 Nd8 25. Qd3 Qe6 26. Bg4 Qf7 27. Bf3 Ne7 28. Be4 Ndc6 29. Qc3 Nd5 30. Qc2 Nce7 31. Bd3 Qe6 32. Bc4 Qh3 33. Bd3 Qh5 34. Be4 Nc7 35. Qd3 Nf5 36. Bxf5 Qxf5 37. Qxf5 gxf5 38. Rg7 Rc8 39. Rf7 Nd5 40. Rd7 Nc7 41. Rgg7 Ne8 42. Rgf7 Kg8 43. Rxa7 Nd6 44. Rxf6 Rxf6 45. Bxf6 Ne4 46. Bc3 Nxc3 47. dxc3 Re8 48. Rb7 Rxe3 49. Rxb6 Rxc3 50. Kg2 c4 51. bxc4 Rxc4 52. Kg3 Rc3+ 53. Kh4 Rxa3 54. Kg5 Rh3 55. Rb2 Kf7 56. Kxf5 Rh5+ 57. Kg4 Rc5 58. Rb7+ Kg6 59. Rb6+ Kg7 60. f5 Rc7 61. Kg5 Ra7 62. h4 Rc7 63. h5 Ra7 64. h6+ Kf7 65. Rb8 Ra1 66. Rb7+ Kg8 67. Kf6 Ra6+ 68. Ke7 Ra8 69. f6 Rf8 70. Ke6 Ra8 71. Rg7+ Kh8 72. Rd7 Kg8 73. Ke7 Rf8 74. Rd3 Rf7+ 75. Ke6 Rf8 76. Rd6 Re8+ 77. Kf5 Rf8 78. Rd2 Re8 79. Rd7 Rf8 80. Re7 Ra8 81. Ke6 Ra6+ 82. Kf5 Ra8 1/2-1/2

[Event "Olympiad-42"]
[Site "Baku"]
[Date "2016.09.09"]
[Round "7.4"]
[White "Min, Po Yen"]
[Black "Berry, Neil"]
[Result "1/2-1/2"]
[WhiteElo "1842"]
[BlackElo "2315"]
[PlyCount "67"]
[EventDate "2016.09.02"]
[EventType "team-swiss"]
[EventRounds "11"]
[EventCountry "AZE"]
[SourceTitle "CBM 175"]
[Source "ChessBase"]
[SourceDate "2016.11.10"]
[SourceVersion "1"]
[SourceVersionDate "2016.11.10"]
[SourceQuality "1"]
[WhiteTeam "Chinese Taipei"]
[BlackTeam "Scotland"]
[WhiteTeamCountry "TPE"]
[BlackTeamCountry "SCO"]

1. d4 Nf6 2. c4 e6 3. Nf3 d5 4. Nc3 Bb4 5. Bg5 h6 6. Bxf6 Qxf6 7. Qb3 Nc6 8. e3 dxc4 9. Bxc4 0-0 10. 0-0 Qe7 11. Bd3 Bd6 12. Ne4 e5 13. d5 Nb4 14. Nxd6 Qxd6 15. Nxe5 Nxd5 16. Bc4 Qxe5 17. Bxd5 c6 18. Bf3 Qe7 19. a3 Be6 20. Qc3 Rfd8 21. Rad1 Rac8 22. Rxd8+ Rxd8 23. Rd1 Rxd1+ 24. Bxd1 Bd5 25. Bb3 Qe4 26. f3 Qb1+ 27. Kf2 Bxb3 28. Qxb3 b5 29. Qc3 c5 30. Qxc5 Qxb2+ 31. Kg3 a5 32. Qc8+ Kh7 33. Qf5+ Kg8 34. Qc8+ 1/2-1/2

[Event "Olympiad-42"]
[Site "Baku"]
[Date "2016.09.08"]
[Round "6.4"]
[White "Merritt, Mario"]
[Black "Min, Po Yen"]
[Result "0-1"]
[WhiteElo "2154"]
[BlackElo "1842"]
[PlyCount "136"]
[EventDate "2016.09.02"]
[EventType "team-swiss"]
[EventRounds "11"]
[EventCountry "AZE"]
[SourceTitle "CBM 175"]
[Source "ChessBase"]
[SourceDate "2016.11.10"]
[SourceVersion "1"]
[SourceVersionDate "2016.11.10"]
[SourceQuality "1"]
[WhiteTeam "Trinidad and Tobago"]
[BlackTeam "Chinese Taipei"]
[WhiteTeamCountry "TRI"]
[BlackTeamCountry "TPE"]

1. c4 e5 2. g3 Nf6 3. Bg2 c6 4. d4 exd4 5. Qxd4 d5 6. Nf3 dxc4 7. Qxd8+ Kxd8 8. 0-0 Be6 9. Rd1+ Nbd7 10. Ng5 Ke8 11. Nxe6 fxe6 12. Na3 Nb6 13. Be3 c3 14. Nc2 cxb2 15. Rab1 Nc4 16. Rd4 Nxe3 17. Nxe3 Bc5 18. Rd3 Nd5 19. Nd1 Ke7 20. Nxb2 Nb6 21. a4 a5 22. Rc1 Bb4 23. Bh3 Rhd8 24. Re3 Rd6 25. Nc4 Nxc4 26. Rxc4 Kd7 27. Rh4 h6 28. Rg4 g5 29. Rge4 Re8 30. Bg4 Re7 31. Re5 Bd2 32. Rb3 Kc7 33. Rf3 Rd4 34. Rxe6 Rxe6 35. Bxe6 Rxa4 36. Rf7+ Kb8 37. Rd7 Re4 38. Rxd2 Rxe6 39. Ra2 b6 40. Kg2 c5 41. f4 gxf4 42. gxf4 Kc7 43. Kf3 c4 44. e4 c3 45. Ke3 Rc6 46. Kd3 b5 47. e5 b4 48. Kc2 Rc5 49. Ra1 Kd7 50. Kb3 Ke6 51. Re1 Rc7 52. Ra1 Kf5 53. Rf1 Rc8 54. Re1 Kxf4 55. e6 Re8 56. e7 Kf5 57. Ra1 Rxe7 58. Rxa5+ Kg4 59. Rc5 Re4 60. Rc6 h5 61. Rh6 h4 62. Rf6 Kh3 63. Rf2 Rg4 64. Re2 Rg2 65. Re3+ Kxh2 66. Kxb4 c2 67. Rc3 h3 68. Kc4 Kg1 0-1

[Event "Olympiad-42"]
[Site "Baku"]
[Date "2016.09.02"]
[Round "1.4"]
[White "Min, Po Yen"]
[Black "Forster, Richard"]
[Result "0-1"]
[WhiteElo "1842"]
[BlackElo "2459"]
[PlyCount "68"]
[EventDate "2016.09.02"]
[EventType "team-swiss"]
[EventRounds "11"]
[EventCountry "AZE"]
[SourceTitle "CBM 175"]
[Source "ChessBase"]
[SourceDate "2016.11.10"]
[SourceVersion "1"]
[SourceVersionDate "2016.11.10"]
[SourceQuality "1"]
[WhiteTeam "Chinese Taipei"]
[BlackTeam "Switzerland"]
[WhiteTeamCountry "TPE"]
[BlackTeamCountry "SUI"]

1. d4 Nf6 2. c4 g6 3. Nc3 Bg7 4. e4 d6 5. Nf3 0-0 6. Be2 Na6 7. 0-0 Qe8 8. a3 e5 9. dxe5 dxe5 10. b4 c6 11. h3 Nh5 12. Be3 f5 13. b5 f4 14. Bc1 Nc5 15. a4 Ne6 16. Ba3 Rf7 17. Na2 Rd7 18. Qb3 Nd4 19. Nxd4 Rxd4 20. Bc5 Rd2 21. Bxh5 gxh5 22. Rad1 Rxd1 23. Rxd1 Be6 24. Ba3 cxb5 25. axb5 Rc8 26. Rc1 Qf7 27. Qa4 Qg6 28. f3 Bxh3 29. Rc2 Be6 30. Qxa7 Qf7 31. Bc5 Bxc4 32. Bf2 Rd8 33. Qa4 Bb3 34. Qa5 Rd1+ 0-1

[Event "Asia Cities-ch 19th"]
[Site "Kalutara "]
[Date "2015.07.25"]
[Round "6"]
[White "Xu, Zhihang"]
[Black "Min, Po Yen"]
[Result "1-0"]
[WhiteElo "2234"]
[BlackElo "1686"]
[PlyCount "131"]
[EventDate "2015.07.22"]
[EventType "team-tourn"]
[EventRounds "9"]
[EventCountry "SRI"]
[SourceTitle "EXT 2020"]
[Source "ChessBase"]
[SourceDate "2019.10.17"]
[SourceVersion "1"]
[SourceVersionDate "2019.10.17"]
[SourceQuality "1"]
[WhiteTeam "Qingdao"]
[BlackTeam "Taiwan"]
[WhiteTeamCountry "CHN"]
[BlackTeamCountry "TPE"]

1. d4 d5 2. c4 e6 3. Nc3 Nf6 4. cxd5 exd5 5. Bg5 Be7 6. e3 c6 7. Bd3 Nbd7 8. Nge2 Nh5 9. Bxe7 Qxe7 10. Qc2 Nhf6 11. Rb1 Nb6 12. b4 0-0 13. 0-0 Re8 14. a4 Bd7 15. Ng3 Nc4 16. Bxc4 dxc4 17. e4 b6 18. Qe2 Be6 19. f4 g6 20. f5 gxf5 21. e5 Nd5 22. Nxd5 cxd5 23. Nh5 Rec8 24. Qe3 Kf8 25. Nf6 Qc7 26. Nxh7+ Ke8 27. Nf6+ Kd8 28. Qc3 Qe7 29. Rf3 a6 30. h4 Qf8 31. Qd2 Kc7 32. h5 b5 33. a5 Qg7 34. h6 Qg6 35. h7 Rh8 36. Rbf1 Rxh7 37. Nxh7 Qxh7 38. Qg5 Kd7 39. Qf6 Rg8 40. Rxf5 Rg6 41. Qxf7+ Bxf7 42. Rxf7+ Qxf7 43. Rxf7+ Kd8 44. Kf2 c3 45. Ke3 Rc6 46. Rf1 c2 47. Rc1 Rc3+ 48. Kd2 Rg3 49. Kxc2 Rxg2+ 50. Kb3 Rd2 51. Kc3 Rg2 52. Rd1 Kd7 53. Rd3 Rh2 54. Rf3 Kc7 55. Rf7+ Kc8 56. Ra7 Rh6 57. Kd3 Rh3+ 58. Ke2 Rh2+ 59. Ke3 Rh3+ 60. Kf4 Rd3 61. e6 Rxd4+ 62. Ke5 Re4+ 63. Kxd5 Re1 64. e7 Rd1+ 65. Kc6 Rc1+ 66. Kb6 1-0

[Event "Asian Schools-ch  U15"]
[Site "Taichung"]
[Date "2014.08.25"]
[Round "3"]
[White "Min, Po Yen"]
[Black "Shih, Yu An"]
[Result "1/2-1/2"]
[WhiteElo "1694"]
[BlackElo "1475"]
[PlyCount "80"]
[EventDate "2014.08.24"]
[EventType "swiss"]
[EventRounds "9"]
[EventCountry "TPE"]
[SourceTitle "EXT 2018"]
[Source "ChessBase"]
[SourceDate "2017.10.13"]
[SourceVersion "1"]
[SourceVersionDate "2017.10.13"]
[SourceQuality "1"]

1. c4 e5 2. g3 g6 3. Bg2 Bg7 4. Nc3 Ne7 5. e3 Nbc6 6. Nge2 d6 7. d4 exd4 8. Nxd4 Bd7 9. 0-0 0-0 10. Nce2 Qc8 11. Bd2 Bh3 12. Bc3 Bxg2 13. Kxg2 Nxd4 14. exd4 d5 15. Bb4 Re8 16. Bxe7 Rxe7 17. cxd5 Qg4 18. f3 Qf5 19. Nc3 Qf6 20. Qb3 b6 21. Rad1 Rd8 22. Qa3 Red7 23. Rfe1 Bf8 24. Qa4 c5 25. dxc6 Rxd4 26. Ne4 Qe5 27. Rxd4 Rxd4 28. Qxa7 Rc4 29. Qxb6 Bc5 30. Qd8+ Kg7 31. Qd2 Bb4 32. Nc3 Bxc3 33. Qxc3 Qxc3 34. bxc3 Rxc3 35. a4 Rxc6 36. Kf2 Rc4 37. Re4 Rc7 38. Re2 Rc5 39. Ke3 Rc3+ 40. Kd4 Ra3 1/2-1/2

[Event "Asian Schools-ch  U15"]
[Site "Taichung"]
[Date "2014.08.24"]
[Round "2"]
[White "Minbayev, Bolatbek"]
[Black "Min, Po Yen"]
[Result "1/2-1/2"]
[WhiteElo "1898"]
[BlackElo "1694"]
[PlyCount "106"]
[EventDate "2014.08.24"]
[EventType "swiss"]
[EventRounds "9"]
[EventCountry "TPE"]
[SourceTitle "EXT 2018"]
[Source "ChessBase"]
[SourceDate "2017.10.13"]
[SourceVersion "1"]
[SourceVersionDate "2017.10.13"]
[SourceQuality "1"]

1. e4 e6 2. d4 d5 3. exd5 exd5 4. Bd3 Bd6 5. Nf3 Ne7 6. 0-0 h6 7. h3 0-0 8. Re1 Bf5 9. Nc3 Bxd3 10. Qxd3 c6 11. Ne2 Ng6 12. c4 dxc4 13. Qxc4 Nd7 14. Nc3 Qc7 15. Bd2 Nf6 16. Rac1 Rac8 17. Qb3 Qb8 18. Ne4 Be7 19. Nxf6+ Bxf6 20. Bc3 Nf4 21. Rcd1 Rcd8 22. Re4 Nd5 23. Rde1 b6 24. Qc4 Qb7 25. Bb4 Nxb4 26. Qxb4 Qd7 27. Kf1 Qd5 28. b3 Rd6 29. Qc4 Rfd8 30. Qxd5 Rxd5 31. Re8+ Rxe8 32. Rxe8+ Kh7 33. Re4 Kg6 34. Ke2 Kf5 35. Ke3 Kg6 36. Nd2 c5 37. dxc5 Rxc5 38. Rg4+ Kf5 39. Rf4+ Ke6 40. Re4+ Kd5 41. Rc4 Be7 42. Kd3 Rxc4 43. Nxc4 Bc5 44. f4 f6 45. Nd2 Bd6 46. g3 g5 47. fxg5 fxg5 48. g4 Bf4 49. Ne4 Be5 50. Nf2 Bf6 51. Ne4 Be5 52. Nd2 Bd6 53. Nf3 Bc5 1/2-1/2